[Event "WYCC Open U14"]
[Site "Porto Carras"]
[Date "2015.10.28"]
[Round "4.12"]
[White "Zarubitski, Viachaslau"]
[Black "Chylewski, Patryk"]
[Result "1/2-1/2"]
[BlackElo "2161"]
[WhiteElo "2310"]
[LiveChessVersion "1.4.6"]

1. Nf3 {[%clk 1:30:55]} Nf6 {[%clk 1:30:53]} 2. c4 {[%clk 1:31:19]} e6
{[%clk 1:31:11]} 3. b3 {[%clk 1:31:36]} c5 {[%clk 1:29:41]} 4. Bb2
{[%clk 1:31:57]} Be7 {[%clk 1:29:52]} 5. g3 {[%clk 1:32:16]} O-O {[%clk 1:30:12]}
6. Bg2 {[%clk 1:32:44]} Nc6 {[%clk 1:29:51]} 7. O-O {[%clk 1:33:07]} d5
{[%clk 1:27:58]} 8. e3 {[%clk 1:31:12]} b6 {[%clk 1:26:51]} 9. Nc3
{[%clk 1:31:16]} Bb7 {[%clk 1:24:16]} 10. cxd5 {[%clk 1:31:36]} exd5
{[%clk 1:23:57]} 11. d4 {[%clk 1:31:50]} Rc8 {[%clk 1:09:51]} 12. Rc1
{[%clk 1:22:59]} Re8 {[%clk 1:09:51]} 13. a3 cxd4 {[%clk 1:00:21]} 14. Nxd4
{[%clk 1:18:54]} Nxd4 {[%clk 0:58:56]} 15. Qxd4 {[%clk 1:18:46]} Bc5
{[%clk 0:58:34]} 16. Qd3 {[%clk 1:14:56]} Ne4 {[%clk 0:56:12]} 17. b4
{[%clk 1:07:20]} Nxf2 {[%clk 0:32:55]} 18. Rxf2 {[%clk 1:07:28]} Bxe3
{[%clk 0:32:57]} 19. Rcf1 {[%clk 1:05:43]} d4 {[%clk 0:28:31]} 20. Bxb7
{[%clk 0:55:30]} dxc3 {[%clk 0:28:23]} 21. Qxd8 {[%clk 0:52:40]} Rcxd8
{[%clk 0:26:08]} 22. Bxc3 {[%clk 0:52:41]} Rd3 {[%clk 0:25:46]} 23. Bb2
{[%clk 0:49:56]} Rd2 {[%clk 0:22:29]} 24. Kg2 {[%clk 0:50:16]} Bxf2
{[%clk 0:22:34]} 25. Rxf2 {[%clk 0:50:38]} Ree2 {[%clk 0:22:32]} 26. Bd4
{[%clk 0:51:01]} Rxf2+ {[%clk 0:22:21]} 27. Bxf2 {[%clk 0:51:27]} Ra2
{[%clk 0:22:33]} 28. b5 {[%clk 0:51:49]} Kf8 {[%clk 0:21:20]} 29. Kf3
{[%clk 0:35:24]} Rxa3+ {[%clk 0:20:28]} 30. Ke4 {[%clk 0:35:39]} Ra2
{[%clk 0:10:21]} 31. Bd4 {[%clk 0:35:12]} Rxh2 {[%clk 0:08:56]} 32. Be5
{[%clk 0:33:07]} Ke7 {[%clk 0:09:03]} 33. Bb8 {[%clk 0:31:35]} Ra2
{[%clk 0:08:03]} 34. Kd5 {[%clk 0:30:06]} h5 {[%clk 0:07:37]} 35. Bd6+
{[%clk 0:30:09]} Kd7 {[%clk 0:06:53]} 36. Bc6+ {[%clk 0:29:17]} Kd8
{[%clk 0:06:46]} 37. Bf8 {[%clk 0:29:03]} g6 {[%clk 0:04:00]} 38. Kd6
{[%clk 0:28:58]} Rd2+ {[%clk 0:03:30]} 39. Bd5 {[%clk 0:29:26]} Rd3
{[%clk 0:02:05]} 40. Be7+ {[%clk 0:59:11]} Ke8 {[%clk 0:31:02]} 41. Bh4
{[%clk 0:59:03]} Kf8 {[%clk 0:27:16]} 42. Ke5 {[%clk 0:55:49]} Kg7
{[%clk 0:23:28]} 43. Bf6+ {[%clk 0:53:27]} Kh6 {[%clk 0:23:03]} 44. Bxf7
{[%clk 0:53:49]} Rxg3 {[%clk 0:23:09]} 45. Be7 {[%clk 0:54:04]} Rg4
{[%clk 0:16:32]} 46. Bb3 {[%clk 0:48:11]} h4 {[%clk 0:13:15]} 47. Be6
{[%clk 0:44:54]} Ra4 {[%clk 0:12:12]} 48. Bc8 {[%clk 0:41:32]} g5
{[%clk 0:07:58]} 49. Kf5 {[%clk 0:41:43]} Rf4+ {[%clk 0:07:45]} 50. Ke5
{[%clk 0:42:04]} Rf3 {[%clk 0:06:58]} 51. Bg4 {[%clk 0:38:56]} Rb3
{[%clk 0:05:31]} 52. Kf6 {[%clk 0:38:53]} Rxb5 {[%clk 0:04:10]} 53. Bf8+
{[%clk 0:38:48]} Kh7 {[%clk 0:04:38]} 54. Bh5 {[%clk 0:08:48]} Rb2
{[%clk 0:04:11]} 55. Bg6+ {[%clk 0:08:27]} Kg8 {[%clk 0:04:21]} 56. Bd6
{[%clk 0:07:43]} Rf2+ {[%clk 0:03:15]} 57. Bf5 {[%clk 0:07:31]} g4
{[%clk 0:02:10]} 58. Kg6 {[%clk 0:08:00]} Rxf5 {[%clk 0:01:25]} 59. Kxf5
{[%clk 0:08:29]} g3 {[%clk 0:01:12]} 60. Kg4 {[%clk 0:08:58]} Kf7
{[%clk 0:00:59]} 61. Kxh4 {[%clk 0:09:21]} g2 {[%clk 0:01:23]} 62. Bh2
{[%clk 0:09:50]} Ke6 {[%clk 0:01:16]} 63. Kg3 {[%clk 0:09:52]} Kd5
{[%clk 0:01:00]} 64. Kxg2 {[%clk 0:09:55]} a5 {[%clk 0:00:57]} 65. Bc7
{[%clk 0:10:13]} Kc5 {[%clk 0:00:51]} 66. Kf3 {[%clk 0:10:26]} a4
{[%clk 0:00:41]} 67. Ke3 {[%clk 0:10:23]} b5 {[%clk 0:00:36]} 68. Kd3
{[%clk 0:10:45]} Kb4 {[%clk 0:00:43]} 69. Kc2 {[%clk 0:11:05]} Ka3
{[%clk 0:01:02]} 70. Bd6+ {[%clk 0:11:27]} b4 {[%clk 0:00:37]} 71. Bf8
{[%clk 0:11:42]} Ka2 {[%clk 0:00:58]} 72. Bxb4 {[%clk 0:12:09]} Ka1
{[%clk 0:01:10]} 73. Bf8 {[%clk 0:12:32]} 1/2-1/2

[Event "WYCC Open U14"]
[Site "Porto Carras"]
[Date "2015.10.29"]
[Round "5.1"]
[White "Shevchenko, Kirill"]
[Black "Esipenko, Andrey"]
[Result "1-0"]
[BlackElo "2384"]
[WhiteElo "2359"]
[LiveChessVersion "1.4.6"]

1. e4 {[%clk 1:30:58]} e5 {[%clk 1:30:52]} 2. Nf3 {[%clk 1:31:21]} Nc6
{[%clk 1:31:14]} 3. Bb5 {[%clk 1:31:43]} a6 {[%clk 1:31:36]} 4. Ba4
{[%clk 1:32:07]} Nf6 {[%clk 1:31:56]} 5. O-O {[%clk 1:32:29]} Be7
{[%clk 1:32:21]} 6. Re1 {[%clk 1:32:44]} b5 {[%clk 1:32:13]} 7. Bb3
{[%clk 1:33:07]} d6 {[%clk 1:32:31]} 8. a4 {[%clk 1:33:21]} b4 {[%clk 1:30:04]}
9. d4 {[%clk 1:32:52]} O-O {[%clk 1:30:21]} 10. dxe5 {[%clk 1:32:53]} dxe5
{[%clk 1:30:33]} 11. Nbd2 {[%clk 1:31:40]} Bc5 {[%clk 1:30:40]} 12. Qe2
{[%clk 1:32:00]} Qe7 {[%clk 1:26:54]} 13. a5 {[%clk 1:31:34]} Be6
{[%clk 1:15:54]} 14. Bc4 {[%clk 1:20:50]} Nd7 {[%clk 0:42:57]} 15. Nb3
{[%clk 1:03:11]} Bxc4 {[%clk 0:38:21]} 16. Qxc4 {[%clk 1:03:22]} Qe6
{[%clk 0:38:45]} 17. Qxe6 {[%clk 0:53:04]} fxe6 {[%clk 0:38:42]} 18. Rd1
{[%clk 0:53:20]} Bd6 {[%clk 0:37:13]} 19. Be3 {[%clk 0:50:30]} Nf6
{[%clk 0:34:46]} 20. Nfd2 {[%clk 0:49:47]} Ng4 {[%clk 0:34:19]} 21. Nc4
{[%clk 0:47:33]} Nxe3 {[%clk 0:34:37]} 22. fxe3 {[%clk 0:45:52]} Rfd8
{[%clk 0:33:57]} 23. Rd2 {[%clk 0:35:15]} Kf7 {[%clk 0:34:02]} 24. Rf1+
{[%clk 0:35:28]} Ke7 {[%clk 0:23:43]} 25. Rdf2 {[%clk 0:35:11]} Rf8
{[%clk 0:23:58]} 26. Rxf8 {[%clk 0:35:33]} Rxf8 {[%clk 0:24:27]} 27. Rxf8
{[%clk 0:36:02]} Kxf8 {[%clk 0:24:56]} 28. Kf2 {[%clk 0:36:11]} Kf7
{[%clk 0:22:59]} 29. Ke2 {[%clk 0:33:02]} Kf6 {[%clk 0:22:55]} 30. Ncd2
{[%clk 0:32:40]} h5 {[%clk 0:21:19]} 31. h3 {[%clk 0:32:23]} Kg5 {[%clk 0:20:27]}
32. Nf3+ {[%clk 0:32:38]} Kf6 {[%clk 0:20:39]} 33. Kd3 {[%clk 0:32:28]} g5
{[%clk 0:18:18]} 34. g4 {[%clk 0:32:06]} hxg4 {[%clk 0:18:44]} 35. hxg4
{[%clk 0:32:32]} Nb8 {[%clk 0:19:00]} 36. Kc4 {[%clk 0:30:08]} Nd7
{[%clk 0:19:30]} 37. Ne1 {[%clk 0:29:10]} Ke7 {[%clk 0:19:07]} 38. Nd3
{[%clk 0:29:26]} Nf6 {[%clk 0:18:58]} 39. Nf2 {[%clk 0:29:46]} Nd7
{[%clk 0:19:07]} 40. Nc1 {[%clk 0:55:42]} Bc5 {[%clk 0:42:50]} 41. Nd1
{[%clk 0:54:42]} Ba7 {[%clk 0:37:42]} 42. Nd3 {[%clk 0:54:59]} Kd6
{[%clk 0:31:58]} 43. Kxb4 {[%clk 0:54:10]} Nf6 {[%clk 0:32:19]} 44. N3f2
{[%clk 0:54:29]} c6 {[%clk 0:31:25]} 45. c4 {[%clk 0:47:48]} Ke7 {[%clk 0:27:35]}
46. Kc3 {[%clk 0:44:56]} Kd6 {[%clk 0:27:05]} 47. b4 {[%clk 0:43:53]} Kd7
{[%clk 0:27:00]} 48. Kd3 {[%clk 0:43:42]} Bb8 {[%clk 0:25:17]} 49. Nb2
{[%clk 0:43:20]} Bd6 {[%clk 0:23:57]} 50. Kc3 {[%clk 0:43:29]} Bb8
{[%clk 0:24:14]} 51. Nbd3 {[%clk 0:42:56]} Kd6 {[%clk 0:24:22]} 52. Ne1
{[%clk 0:42:01]} Bc7 {[%clk 0:21:58]} 53. Nf3 {[%clk 0:39:24]} c5
{[%clk 0:21:28]} 54. Nxg5 {[%clk 0:37:40]} cxb4+ {[%clk 0:21:49]} 55. Kxb4
{[%clk 0:38:06]} Nd7 {[%clk 0:21:49]} 56. Nd3 {[%clk 0:37:09]} Ke7
{[%clk 0:20:47]} 57. Nf3 {[%clk 0:35:08]} Nf6 {[%clk 0:21:16]} 58. Ndxe5
{[%clk 0:21:21]} Nxe4 {[%clk 0:21:00]} 59. Nd3 {[%clk 0:21:41]} Nf6
{[%clk 0:18:58]} 60. g5 {[%clk 0:21:12]} Bd6+ {[%clk 0:17:41]} 61. c5
{[%clk 0:16:41]} Nd5+ {[%clk 0:18:10]} 62. Kb3 {[%clk 0:16:30]} Bc7
{[%clk 0:17:46]} 63. e4 {[%clk 0:16:48]} Ne3 {[%clk 0:17:59]} 64. Nde5
{[%clk 0:15:22]} Ke8 {[%clk 0:17:52]} 65. Nc4 {[%clk 0:14:07]} Nxc4
{[%clk 0:16:06]} 66. Kxc4 {[%clk 0:14:32]} Bxa5 {[%clk 0:16:27]} 67. Nd4
{[%clk 0:13:39]} Kf7 {[%clk 0:16:33]} 68. c6 {[%clk 0:12:56]} e5 {[%clk 0:16:21]}
69. g6+ {[%clk 0:13:11]} Kxg6 {[%clk 0:16:27]} 70. Ne6 {[%clk 0:13:37]} 1-0

[Event "WYCC Open U14"]
[Site "Porto Carras"]
[Date "2015.10.29"]
[Round "5.2"]
[White "Checa, Nicolas D"]
[Black "Kozak, Adam"]
[Result "1-0"]
[BlackElo "2349"]
[WhiteElo "2437"]
[LiveChessVersion "1.4.6"]

1. d4 {[%clk 1:30:57]} d5 {[%clk 1:30:47]} 2. c4 {[%clk 1:31:23]} c6
{[%clk 1:31:11]} 3. Nf3 {[%clk 1:31:47]} Nf6 {[%clk 1:31:29]} 4. Nc3
{[%clk 1:32:13]} e6 {[%clk 1:31:43]} 5. Bg5 {[%clk 1:32:38]} dxc4
{[%clk 1:31:01]} 6. e4 {[%clk 1:32:48]} b5 {[%clk 1:31:27]} 7. e5
{[%clk 1:33:15]} h6 {[%clk 1:31:51]} 8. Bh4 {[%clk 1:33:42]} g5 {[%clk 1:32:20]}
9. Nxg5 {[%clk 1:34:06]} hxg5 {[%clk 1:32:34]} 10. Bxg5 {[%clk 1:34:33]} Nbd7
{[%clk 1:32:47]} 11. exf6 {[%clk 1:34:55]} Bb7 {[%clk 1:32:57]} 12. g3
{[%clk 1:35:19]} Qb6 {[%clk 1:32:40]} 13. Bg2 {[%clk 1:35:38]} O-O-O
{[%clk 1:33:00]} 14. O-O {[%clk 1:36:01]} c5 {[%clk 1:33:07]} 15. d5
{[%clk 1:36:26]} b4 {[%clk 1:33:34]} 16. Rb1 {[%clk 1:36:52]} Qa6
{[%clk 1:33:58]} 17. dxe6 {[%clk 1:37:10]} Bxg2 {[%clk 1:33:00]} 18. e7
{[%clk 1:37:36]} Bxf1 {[%clk 1:32:21]} 19. Kxf1 {[%clk 1:38:00]} Qc6
{[%clk 1:31:39]} 20. exd8=Q+ {[%clk 1:38:18]} Kxd8 {[%clk 1:31:57]} 21. Nd5
{[%clk 1:38:40]} Rxh2 {[%clk 1:31:59]} 22. Kg1 {[%clk 1:39:02]} Rh8
{[%clk 1:32:02]} 23. Rc1 {[%clk 1:38:54]} Kc8 {[%clk 1:29:43]} 24. Rxc4
{[%clk 1:26:26]} Kb7 {[%clk 1:16:21]} 25. Rh4 {[%clk 1:13:43]} Rg8
{[%clk 0:57:32]} 26. Be3 {[%clk 1:04:12]} Bd6 {[%clk 0:47:44]} 27. Rh5
{[%clk 0:30:54]} Rd8 {[%clk 0:21:59]} 28. Ne7 {[%clk 0:26:48]} Bxe7
{[%clk 0:19:44]} 29. fxe7 {[%clk 0:27:13]} Re8 {[%clk 0:09:01]} 30. Rd5
{[%clk 0:27:28]} Rxe7 {[%clk 0:07:53]} 31. Rd6 {[%clk 0:27:50]} Qb5
{[%clk 0:06:37]} 32. Qd5+ {[%clk 0:27:12]} Kb8 {[%clk 0:03:27]} 33. Bf4
{[%clk 0:26:54]} Kc8 {[%clk 0:02:15]} 34. Rxd7 {[%clk 0:27:02]} 1-0

[Event "WYCC Open U14"]
[Site "Porto Carras"]
[Date "2015.10.29"]
[Round "5.3"]
[White "Ioannidis, Evgenios"]
[Black "Gholami, Aryan"]
[Result "1/2-1/2"]
[BlackElo "2400"]
[WhiteElo "2277"]
[LiveChessVersion "1.4.6"]

1. d4 {[%clk 1:30:46]} Nf6 {[%clk 1:30:50]} 2. c4 {[%clk 1:30:55]} e6
{[%clk 1:31:06]} 3. Nf3 {[%clk 1:30:42]} d5 {[%clk 1:30:58]} 4. Nc3
{[%clk 1:30:17]} dxc4 {[%clk 1:29:00]} 5. e3 {[%clk 1:28:11]} a6 {[%clk 1:28:58]}
6. Bxc4 {[%clk 1:27:26]} b5 {[%clk 1:28:51]} 7. Be2 {[%clk 1:26:02]} Bb7
{[%clk 1:28:27]} 8. O-O {[%clk 1:25:35]} Nbd7 {[%clk 1:27:47]} 9. b3
{[%clk 1:08:37]} Be7 {[%clk 1:23:59]} 10. Bb2 {[%clk 1:06:53]} O-O
{[%clk 1:24:11]} 11. a3 {[%clk 0:53:22]} Bd6 {[%clk 1:10:36]} 12. b4
{[%clk 0:46:07]} Qe7 {[%clk 1:10:09]} 13. Nh4 {[%clk 0:39:34]} Ne4
{[%clk 1:03:07]} 14. Nf3 {[%clk 0:38:40]} Nef6 {[%clk 1:02:34]} 15. Nh4
{[%clk 0:38:59]} c6 {[%clk 0:58:56]} 16. Nf3 {[%clk 0:27:03]} a5 {[%clk 0:58:32]}
17. bxa5 {[%clk 0:25:35]} Rxa5 {[%clk 0:58:51]} 18. a4 {[%clk 0:25:50]} b4
{[%clk 0:54:42]} 19. Nb1 {[%clk 0:26:16]} Rfa8 {[%clk 0:48:17]} 20. Nbd2
{[%clk 0:26:08]} Nb6 {[%clk 0:48:32]} 21. Nc4 {[%clk 0:25:56]} Nxc4
{[%clk 0:48:52]} 22. Bxc4 {[%clk 0:26:20]} Nd5 {[%clk 0:48:29]} 23. e4
{[%clk 0:21:58]} Nb6 {[%clk 0:46:24]} 24. Bb3 {[%clk 0:22:24]} c5
{[%clk 0:45:14]} 25. dxc5 {[%clk 0:20:27]} Bxc5 {[%clk 0:44:32]} 26. Ne5
{[%clk 0:18:09]} Rd8 {[%clk 0:33:44]} 27. Qg4 {[%clk 0:13:26]} Bd4
{[%clk 0:33:44]} 28. Bxd4 {[%clk 0:11:08]} Rxd4 {[%clk 0:34:07]} 29. Qg3
{[%clk 0:11:26]} Qd6 {[%clk 0:25:35]} 30. Rfd1 {[%clk 0:09:50]} h6
{[%clk 0:17:41]} 31. Qe3 {[%clk 0:08:37]} Rxd1+ {[%clk 0:17:28]} 32. Rxd1
{[%clk 0:07:59]} Qc5 {[%clk 0:17:20]} 33. Rd8+ {[%clk 0:05:09]} Kh7
{[%clk 0:17:48]} 34. Nxf7 {[%clk 0:05:34]} Qxe3 {[%clk 0:15:28]} 35. fxe3
{[%clk 0:05:58]} Nxa4 {[%clk 0:13:31]} 36. Nd6 {[%clk 0:03:31]} Nc5
{[%clk 0:13:00]} 37. Nxb7 {[%clk 0:03:42]} Ra1+ {[%clk 0:12:56]} 38. Kf2
{[%clk 0:02:29]} Nxb3 {[%clk 0:10:48]} 39. Rb8 {[%clk 0:02:47]} Ra2+
{[%clk 0:10:17]} 40. Kg3 {[%clk 0:32:16]} Nd2 {[%clk 0:40:07]} 41. Nc5
{[%clk 0:29:51]} b3 {[%clk 0:40:12]} 42. Nd3 {[%clk 0:25:10]} Nxe4+
{[%clk 0:36:55]} 43. Kf4 {[%clk 0:25:29]} Nd2 {[%clk 0:36:57]} 44. e4
{[%clk 0:23:25]} g5+ {[%clk 0:19:26]} 45. Ke5 {[%clk 0:23:30]} b2
{[%clk 0:18:41]} 46. Nxb2 {[%clk 0:23:38]} Rxb2 {[%clk 0:18:45]} 47. Rxb2
{[%clk 0:23:46]} Nc4+ {[%clk 0:19:13]} 48. Kxe6 {[%clk 0:24:08]} Nxb2
{[%clk 0:19:40]} 49. Kf6 {[%clk 0:24:26]} Nd3 {[%clk 0:11:47]} 50. e5
{[%clk 0:24:03]} Nf4 {[%clk 0:11:25]} 51. e6 {[%clk 0:24:22]} Nd5+
{[%clk 0:10:35]} 52. Kf7 {[%clk 0:24:47]} g4 {[%clk 0:09:48]} 53. g3
{[%clk 0:23:25]} h5 {[%clk 0:08:28]} 1/2-1/2

[Event "WYCC Open U14"]
[Site "Porto Carras"]
[Date "2015.10.29"]
[Round "5.4"]
[White "Lobanov, Sergei"]
[Black "Taghizadeh, Rayan"]
[Result "1-0"]
[BlackElo "2240"]
[WhiteElo "2394"]
[LiveChessVersion "1.4.6"]

1. e4 {[%clk 1:30:58]} e5 {[%clk 1:30:57]} 2. Nf3 {[%clk 1:31:24]} Nc6
{[%clk 1:31:25]} 3. Bb5 {[%clk 1:31:47]} a6 {[%clk 1:31:52]} 4. Ba4
{[%clk 1:32:12]} Nf6 {[%clk 1:32:17]} 5. O-O {[%clk 1:32:38]} Be7
{[%clk 1:32:44]} 6. Bxc6 {[%clk 1:32:44]} dxc6 {[%clk 1:32:55]} 7. Nc3
{[%clk 1:33:00]} Nd7 {[%clk 1:31:25]} 8. d4 {[%clk 1:33:19]} exd4
{[%clk 1:29:09]} 9. Qxd4 {[%clk 1:33:21]} O-O {[%clk 1:15:37]} 10. Bf4
{[%clk 1:33:42]} Nc5 {[%clk 1:11:20]} 11. Rad1 {[%clk 1:31:59]} Qxd4
{[%clk 1:00:04]} 12. Nxd4 {[%clk 1:32:19]} Bd8 {[%clk 0:55:48]} 13. Bg3
{[%clk 1:21:10]} Ne6 {[%clk 0:48:58]} 14. Nce2 {[%clk 1:18:39]} Nxd4
{[%clk 0:47:02]} 15. Nxd4 {[%clk 1:19:08]} Re8 {[%clk 0:42:13]} 16. f3
{[%clk 1:18:49]} c5 {[%clk 0:38:03]} 17. Nf5 {[%clk 1:19:18]} Bf6
{[%clk 0:32:46]} 18. c3 {[%clk 1:18:46]} Bxf5 {[%clk 0:30:04]} 19. exf5
{[%clk 1:19:15]} Be5 {[%clk 0:29:17]} 20. Rd7 {[%clk 1:17:36]} Bxg3
{[%clk 0:24:12]} 21. hxg3 {[%clk 1:18:01]} Rac8 {[%clk 0:23:43]} 22. Kf2
{[%clk 1:14:26]} Kf8 {[%clk 0:18:01]} 23. Rfd1 {[%clk 1:11:14]} Re7
{[%clk 0:17:20]} 24. g4 {[%clk 1:10:04]} h6 {[%clk 0:16:04]} 25. a4
{[%clk 1:01:35]} b6 {[%clk 0:13:54]} 26. f4 {[%clk 0:37:20]} Rxd7
{[%clk 0:13:21]} 27. Rxd7 {[%clk 0:37:41]} Ke8 {[%clk 0:13:36]} 28. Rd5
{[%clk 0:33:53]} Rd8 {[%clk 0:12:06]} 29. Rxd8+ {[%clk 0:20:47]} Kxd8
{[%clk 0:12:34]} 30. Kf3 {[%clk 0:20:44]} Ke7 {[%clk 0:12:00]} 31. c4
{[%clk 0:18:26]} Kf6 {[%clk 0:09:41]} 32. Ke4 {[%clk 0:18:13]} c6
{[%clk 0:10:05]} 33. b3 {[%clk 0:17:52]} Ke7 {[%clk 0:08:06]} 34. Ke5
{[%clk 0:16:35]} f6+ {[%clk 0:05:12]} 35. Ke4 {[%clk 0:17:00]} Kf7
{[%clk 0:04:16]} 36. Kf3 {[%clk 0:17:22]} Ke7 {[%clk 0:03:59]} 37. Kg3
{[%clk 0:17:45]} b5 {[%clk 0:04:21]} 38. a5 {[%clk 0:18:05]} bxc4
{[%clk 0:03:51]} 39. bxc4 {[%clk 0:18:30]} Kf7 {[%clk 0:02:36]} 40. Kh4
{[%clk 0:48:50]} Kg8 {[%clk 0:31:39]} 41. Kh5 {[%clk 0:49:00]} Kf8
{[%clk 0:28:14]} 42. Kg6 {[%clk 0:49:24]} Kg8 {[%clk 0:28:38]} 43. g5
{[%clk 0:49:51]} fxg5 {[%clk 0:28:43]} 44. fxg5 {[%clk 0:50:20]} hxg5
{[%clk 0:29:02]} 45. Kxg5 {[%clk 0:50:43]} Kf7 {[%clk 0:29:25]} 46. g3
{[%clk 0:51:09]} Kg8 {[%clk 0:29:14]} 47. Kg6 {[%clk 0:51:33]} Kf8
{[%clk 0:29:41]} 48. f6 {[%clk 0:51:58]} Kg8 {[%clk 0:29:44]} 49. g4
{[%clk 0:52:20]} Kf8 {[%clk 0:30:08]} 50. f7 {[%clk 0:52:44]} 1-0

[Event "WYCC Open U14"]
[Site "Porto Carras"]
[Date "2015.10.29"]
[Round "5.5"]
[White "Vokhidov, Shamsiddin"]
[Black "Raja, Harshit"]
[Result "1-0"]
[BlackElo "2110"]
[WhiteElo "2336"]
[LiveChessVersion "1.4.6"]

1. e4 {[%clk 1:30:59]} c5 {[%clk 1:30:38]} 2. Nf3 {[%clk 1:31:25]} d6
{[%clk 1:30:36]} 3. Bb5+ {[%clk 1:31:52]} Nd7 {[%clk 1:29:59]} 4. O-O
{[%clk 1:32:11]} a6 {[%clk 1:29:20]} 5. Bd3 {[%clk 1:32:36]} Ngf6
{[%clk 1:28:02]} 6. c3 {[%clk 1:32:59]} g6 {[%clk 1:26:27]} 7. Bc2
{[%clk 1:33:03]} Bg7 {[%clk 1:14:36]} 8. d4 {[%clk 1:33:18]} Qc7 {[%clk 1:13:57]}
9. Re1 {[%clk 1:24:15]} e5 {[%clk 1:08:49]} 10. a4 {[%clk 1:24:27]} O-O
{[%clk 1:04:48]} 11. a5 {[%clk 1:20:21]} Re8 {[%clk 1:02:53]} 12. Nbd2
{[%clk 1:19:20]} cxd4 {[%clk 0:55:39]} 13. cxd4 {[%clk 1:19:38]} exd4
{[%clk 0:55:58]} 14. Nxd4 {[%clk 1:14:14]} d5 {[%clk 0:52:06]} 15. Ra3
{[%clk 1:06:29]} dxe4 {[%clk 0:45:22]} 16. Rc3 {[%clk 1:06:23]} Qxa5
{[%clk 0:41:38]} 17. Nc4 {[%clk 1:04:13]} Qh5 {[%clk 0:33:14]} 18. Nd6
{[%clk 0:58:59]} Rd8 {[%clk 0:28:41]} 19. Nxf7 {[%clk 0:56:42]} Qxd1
{[%clk 0:20:18]} 20. Rxd1 {[%clk 0:57:05]} Kxf7 {[%clk 0:20:18]} 21. Bb3+
{[%clk 0:57:08]} Ke7 {[%clk 0:20:42]} 22. Ne6 {[%clk 0:57:29]} Rg8
{[%clk 0:16:11]} 23. Nc7 {[%clk 0:54:53]} Rb8 {[%clk 0:16:37]} 24. Bf4
{[%clk 0:52:01]} b5 {[%clk 0:11:13]} 25. Bd6+ {[%clk 0:52:02]} Kd8
{[%clk 0:11:33]} 26. Bxg8 {[%clk 0:46:20]} Nxg8 {[%clk 0:11:11]} 27. Ne6+
{[%clk 0:46:48]} Ke8 {[%clk 0:11:25]} 28. Nxg7+ {[%clk 0:47:11]} 1-0

[Event "WYCC Open U14"]
[Site "Porto Carras"]
[Date "2015.10.29"]
[Round "5.6"]
[White "Buckels, Valentin"]
[Black "Tabatabaei, M.Amin"]
[Result "0-1"]
[BlackElo "2488"]
[WhiteElo "2268"]
[LiveChessVersion "1.4.6"]

1. Nf3 {[%clk 1:30:56]} Nf6 {[%clk 1:30:53]} 2. c4 {[%clk 1:31:14]} g6
{[%clk 1:30:28]} 3. d4 {[%clk 1:31:20]} Bg7 {[%clk 1:30:53]} 4. g3
{[%clk 1:31:43]} O-O {[%clk 1:31:13]} 5. Bg2 {[%clk 1:32:10]} c5 {[%clk 1:31:37]}
6. O-O {[%clk 1:32:09]} cxd4 {[%clk 1:32:01]} 7. Nxd4 {[%clk 1:32:17]} d5
{[%clk 1:32:25]} 8. cxd5 {[%clk 1:22:55]} Nxd5 {[%clk 1:32:54]} 9. Nb5
{[%clk 1:14:42]} a6 {[%clk 1:28:35]} 10. N5a3 {[%clk 0:56:57]} Be6
{[%clk 1:23:57]} 11. Nc2 {[%clk 0:51:40]} Nc6 {[%clk 1:23:59]} 12. e4
{[%clk 0:51:24]} Ndb4 {[%clk 1:19:22]} 13. Nxb4 {[%clk 0:43:48]} Nxb4
{[%clk 1:01:45]} 14. Qa4 {[%clk 0:37:28]} Nd3 {[%clk 1:00:23]} 15. Nc3
{[%clk 0:34:41]} b5 {[%clk 0:54:10]} 16. Qc2 {[%clk 0:33:05]} Nxc1
{[%clk 0:45:59]} 17. Raxc1 {[%clk 0:30:10]} Rc8 {[%clk 0:46:21]} 18. Qb1
{[%clk 0:26:28]} Bxc3 {[%clk 0:45:31]} 19. Rxc3 {[%clk 0:26:10]} Rxc3
{[%clk 0:45:59]} 20. bxc3 {[%clk 0:26:38]} Qc7 {[%clk 0:46:14]} 21. Rc1
{[%clk 0:23:52]} Rd8 {[%clk 0:46:01]} 22. Qb2 {[%clk 0:18:57]} Qd6
{[%clk 0:43:08]} 23. Bf3 {[%clk 0:15:16]} Bh3 {[%clk 0:42:27]} 24. Qc2
{[%clk 0:14:11]} Qa3 {[%clk 0:41:29]} 25. g4 {[%clk 0:06:30]} Qc5
{[%clk 0:36:19]} 26. Rd1 {[%clk 0:03:04]} Rxd1+ {[%clk 0:34:55]} 27. Bxd1
{[%clk 0:03:33]} h5 {[%clk 0:33:30]} 28. Qd3 {[%clk 0:02:26]} hxg4
{[%clk 0:33:50]} 29. Bb3 {[%clk 0:01:48]} Qg5 {[%clk 0:32:54]} 30. Qd8+
{[%clk 0:02:00]} Kh7 {[%clk 0:32:51]} 31. Qd5 {[%clk 0:00:51]} Qc1+
{[%clk 0:32:46]} 32. Qd1 {[%clk 0:00:59]} Qf4 {[%clk 0:32:20]} 33. Qd5
{[%clk 0:01:19]} e6 {[%clk 0:31:59]} 34. Qd3 {[%clk 0:01:22]} Qc1+
{[%clk 0:32:05]} 35. Bd1 {[%clk 0:01:51]} e5 {[%clk 0:28:56]} 36. Qd5
{[%clk 0:00:45]} Kg8 {[%clk 0:28:48]} 37. Qd3 {[%clk 0:00:52]} Qa1
{[%clk 0:28:59]} 38. Qd8+ {[%clk 0:00:41]} Kg7 {[%clk 0:29:23]} 39. Qd2
{[%clk 0:00:46]} a5 {[%clk 0:28:20]} 40. Qc2 {[%clk 0:30:31]} a4 {[%clk 0:58:15]}
41. Qd2 {[%clk 0:27:38]} a3 {[%clk 0:56:26]} 42. Qc2 {[%clk 0:27:44]} g3
{[%clk 0:55:56]} 43. f3 {[%clk 0:25:37]} gxh2+ {[%clk 0:56:05]} 44. Kxh2
{[%clk 0:25:58]} Be6 {[%clk 0:56:29]} 0-1